| 000 | 00705cam a2200217 a 4500 | ||
|---|---|---|---|
| 001 | 000001555 | ||
| 005 | 20200929145622.0 | ||
| 008 | 740801s1966 nyua b 001 0 eng | ||
| 040 |
_aDO-SdBNP _cDLC _dICU _dDLC |
||
| 050 | 0 | 0 |
_aQH605 _b.W73 |
| 082 |
_a574.87623 _bW746c |
||
| 100 | 1 |
_aWilson, G. B. _q(George Bernard), _d1914- _95108 |
|
| 245 | 1 | 0 |
_aCell division and the mitotic cycle / _cG. B. Wilson. |
| 260 |
_aNew York : _bReinhold Publishing Corporation, _c1966. |
||
| 300 |
_aix, 111 p. : _bil. ; _c19 cm. |
||
| 490 | 1 | _aSelected Topics in Modern Biology | |
| 504 | _aBibliografìa: p. 99-100. | ||
| 650 | 0 |
_aCell division. _95109 |
|
| 830 | 0 |
_aSelected Topics in Modern Biology _95110 |
|
| 910 | _aDC | ||
| 999 |
_c1457 _d1457 |
||